000 00914nam a2200241Ia 4500
003 OSt
005 20220930192824.0
006 a|||||r|||| 00| 0
007 ta
008 220926b |||||||| |||| 00| 0 eng d
024 _a10685
037 _cDissertations
040 _aCRL
_cCRL
_beng
041 _2eng
_aeng
100 _aRao G. Mahender
_9561637
110 _aUniversity of Delhi. Faculty of Medical Sciences. Department of Orthopaedics
_9519703
245 0 _aRole of percutaneous fine-needle aspiration biopsy in the early diagnosis and management of muscule-skeletal tumours (A light and electron microscopic,cytologic, cytochemical histologic and histochemical study
260 _c1986
650 _aORTHOPEDICS
_9519704
700 _aUniversity of Delhi. Faculty of Medical Sciences. Department of Orthopaedics
_9519706
942 _cDIS
_2CC
999 _c895677
_d895677